Statistics for Countries with the Most Supercomputers

Click here to take the quiz!

General Stats

  • This quiz has been taken 70 times
    (34 since last reset)
  • The average score is 19 of 24

Answer Stats

# Country % Correct
107United States
100%
228China
100%
2India
94%
29Japan
94%
18France
94%
16Germany
94%
9Canada
94%
11United Kingdom
91%
3Russia
91%
2Sweden
88%
2Spain
88%
3Australia
88%
5Italy
84%
3South Korea
84%
15Netherlands
81%
2Norway
81%
3Brazil
78%
2Switzerland
72%
2Taiwan
72%
4Singapore
63%
3Saudi Arabia
50%
14Ireland
50%
2United Arab Emirates
47%
1Czechia
38%

Score Distribution

Percentile by Number Answered

Percent of People with Each Score

Your Score History

You have not taken this quiz since the last reset